[Event "Rowy op 09"]
[Site "Rowy"]
[Date "2012.09.??"]
[Round "1"]
[White "Krzystala, Henryk"]
[Black "Najdzionek, Boleslaw"]
[Result "0-1"]
[WhiteElo "1621"]
[BlackElo "1921"]
[PlyCount "52"]
[EventDate "2012.09.??"]
[EventType "swiss"]
[EventRounds "9"]
[EventCountry "POL"]
[SourceTitle "EXT 2014"]
[Source "ChessBase"]
[SourceDate "2013.11.20"]
[SourceVersion "1"]
[SourceVersionDate "2013.11.20"]
[SourceQuality "1"]

1. Nf3 Nf6 2. g3 Nc6 3. d4 d5 4. c3 Bf5 5. Bg2 h6 6. Bf4 e6 7. Ne5 Nxe5 8. Bxe5 Nd7 9. Bf4 c5 10. Qb3 Qb6 11. Be3 c4 12. Qxb6 axb6 13. Nd2 Be7 14. 0-0 0-0 15. Nf3 b5 16. Bf4 Nb6 17. b3 Rfc8 18. Bd2 Bc2 19. Ne1 Bxb3 20. e4 Rxa2 21. Rxa2 Bxa2 22. exd5 Nxd5 23. Nf3 b4 24. cxb4 c3 25. Rc1 Bxb4 26. Ra1 cxd2 0-1